| 000 | 00508nam a22001697a 4500 | ||
|---|---|---|---|
| 999 |
_c8322 _d8322 |
||
| 008 | 201113b ||||| |||| 00| 0 eng d | ||
| 040 | _aBMS College of Archtecture | ||
| 100 | _aDhushyanth, S | ||
| 245 | _aLacuna-the unfilled spaces | ||
| 300 | _a44p. | ||
| 500 | _a1BM15AT024 | ||
| 502 |
_8B,Arch _NBMS College of Architecture, Visvesvaraya Technological University (VTU) _aProject report _d2019 |
||
| 650 | _aLacuna | ||
| 700 |
_aSanal Suresh _eGuide |
||
| 700 |
_aMamta Verma _eGuide |
||
| 942 |
_2ddc _cTHE |
||